| 000 | 00367nam a22001337a 4500 | ||
|---|---|---|---|
| 082 |
_a621.3133 _bSAY _cL-9, P-13 |
||
| 100 |
_aSAY, M.G. _941247 |
||
| 245 | _aThe performance and design of alternating current machines | ||
| 260 |
_aLondon _c1948 |
||
| 300 |
_a636 p. : _bills. ; |
||
| 526 |
_a0 _b0 _c0 _d621_313300000000000_SAY |
||
| 650 |
_aMCE _9379 |
||
| 942 |
_2ddc _cBK |
||
| 999 |
_c545489 _d545489 |
||